| 000 | 00369nam a22001337a 4500 | ||
|---|---|---|---|
| 082 |
_a355.002 _bHAV _cL-30-II, P-44 |
||
| 100 |
_aPakistan Army _99121 |
||
| 245 |
_aHaving been a subaltern _cPakistan Army |
||
| 260 |
_aRawalpindi _bArmy Education Press _c1981 |
||
| 300 | _a97 p. : | ||
| 526 |
_a0 _b0 _c0 _d355_002000000000000_HAV |
||
| 650 |
_aMCE _9379 |
||
| 942 |
_2ddc _cBK |
||
| 999 |
_c551600 _d551600 |
||